A survey of the Vatican archives and of its medieval holdings
| Main Author: | |
|---|---|
| Format: | Print Book |
| Language: | English |
| Subito Delivery Service: | Order now. |
| Check availability: | HBZ Gateway |
| WorldCat: | WorldCat |
| Interlibrary Loan: | Interlibrary Loan for the Fachinformationsdienste (Specialized Information Services in Germany) |
| Published: |
Toronto
Pontifical Inst. of Mediaeval Studies
1972
|
| In: |
Subsidia mediaevalia (1)
Year: 1972 |
| Reviews: | [Rezension von: Boyle, Leonard E., A Survey of the Vatican Archives and of Its Medieval Holdings] (1974) (Burns, Charles)
|
| Series/Journal: | Subsidia mediaevalia
1 |
| Standardized Subjects / Keyword chains: | B
Archivio Segreto Vaticano
/ History 500-1500
B Archivio Segreto Vaticano / Church history studies 500-1500 |
| Further subjects: | B
Church history Middle Ages, 600-1500 Sources Bibliography
B Catholic Church History Sources Bibliography B Archivio vaticano B Manuscripts, Medieval Vatican City B Catalog |
MARC
| LEADER | 00000cam a2200000 c 4500 | ||
|---|---|---|---|
| 001 | 1073525554 | ||
| 003 | DE-627 | ||
| 005 | 20251224215038.0 | ||
| 007 | tu | ||
| 008 | 850101s1972 xxc||||| c 00| ||eng c | ||
| 020 | |a 0888443501 |9 0-88844-350-1 | ||
| 035 | |a (DE-627)1073525554 | ||
| 035 | |a (DE-576)003525554 | ||
| 035 | |a (DE-599)BSZ003525554 | ||
| 035 | |a (OCoLC)228771271 | ||
| 035 | |a (OCoLC)00552585 | ||
| 035 | |a (OCoLC)1078703987 | ||
| 040 | |a DE-627 |b ger |c DE-627 |e rakwb | ||
| 041 | |a eng | ||
| 044 | |c XD-CA | ||
| 050 | 0 | |a CD1586 | |
| 082 | 0 | |a 016.282/09 | |
| 084 | |a 1 |2 ssgn | ||
| 084 | |a BO 1370 |2 rvk |0 (DE-625)rvk/13965: | ||
| 084 | |a BO 1365 |2 rvk |0 (DE-625)rvk/13964: | ||
| 084 | |a ND 1960 |2 rvk |0 (DE-625)rvk/124847: | ||
| 084 | |a 06.90 |2 bkl | ||
| 245 | 0 | 2 | |a A survey of the Vatican archives and of its medieval holdings |c Leonard E. Boyle |
| 264 | 1 | |a Toronto |b Pontifical Inst. of Mediaeval Studies |c 1972 | |
| 300 | |a IV, 250 S. | ||
| 336 | |a Text |b txt |2 rdacontent | ||
| 337 | |a ohne Hilfsmittel zu benutzen |b n |2 rdamedia | ||
| 338 | |a Band |b nc |2 rdacarrier | ||
| 490 | 1 | |a Subsidia mediaevalia |v 1 | |
| 500 | |a Literaturverz. S. [173] - 221 | ||
| 583 | 1 | |a Archivierung/Langzeitarchivierung gewährleistet |f SSG |x XA-DE-BW |2 pdager |5 DE-21 | |
| 653 | 0 | |a Archivio vaticano | |
| 653 | 0 | |a Catholic Church |a History |a Sources |a Bibliography | |
| 653 | 0 | |a Church history |a Middle Ages, 600-1500 |a Sources |a Bibliography | |
| 653 | 0 | |a Manuscripts, Medieval |a Vatican City | |
| 655 | 7 | |a Katalog |0 (DE-588)4163417-2 |0 (DE-627)105454966 |0 (DE-576)209880899 |2 gnd-content | |
| 689 | 0 | 0 | |d b |0 (DE-588)1013819-5 |0 (DE-627)103248218 |0 (DE-576)191207144 |2 gnd |a Archivio Segreto Vaticano |
| 689 | 0 | 1 | |q z |2 gnd |a Geschichte 500-1500 |
| 689 | 0 | |5 (DE-627) | |
| 689 | 1 | 0 | |d b |0 (DE-588)1013819-5 |0 (DE-627)103248218 |0 (DE-576)191207144 |2 gnd |a Archivio Segreto Vaticano |
| 689 | 1 | 1 | |q z |2 gnd |a Kirchengeschichte 500-1500 |
| 689 | 1 | |5 (DE-627) | |
| 700 | 1 | |e Bearb. |0 (DE-588)121421155 |0 (DE-627)254038743 |0 (DE-576)160394058 |4 adp |a Boyle, Leonard E. |d 1923-1999 | |
| 787 | 0 | 8 | |i Rezensiert in |a Burns, Charles |t [Rezension von: Boyle, Leonard E., A Survey of the Vatican Archives and of Its Medieval Holdings] |d 1974 |w (DE-627)1784316377 |
| 830 | 0 | |a Subsidia mediaevalia |v 1 |9 1 |w (DE-627)129405388 |w (DE-576)006753884 |w (DE-600)187328-3 |x 0082-5328 |7 am | |
| 889 | |w (DE-627)128751916 | ||
| 935 | |a mteo | ||
| 935 | |i mdedup | ||
| 936 | r | v | |a BO 1370 |b Territorien, Diözesen, Orden |k Theologie und Religionswissenschaften |k Patrologie und Kirchengeschichte |k Historische Hilfswissenschaften |k Archive |k Territorien, Diözesen, Orden |0 (DE-627)127074352X |0 (DE-625)rvk/13965: |0 (DE-576)20074352X |
| 936 | r | v | |a BO 1365 |b Allgemeines |k Theologie und Religionswissenschaften |k Patrologie und Kirchengeschichte |k Historische Hilfswissenschaften |k Archive |k Allgemeines |0 (DE-627)1270743511 |0 (DE-625)rvk/13964: |0 (DE-576)200743511 |
| 936 | r | v | |a ND 1960 |b Italien |k Geschichte |k Historische Hilfswissenschaften |k Archivkunde |k Archivinventare und Beschreibung einzelner Archive des Auslands |k Italien |0 (DE-627)1271445506 |0 (DE-625)rvk/124847: |0 (DE-576)201445506 |
| 936 | b | k | |a 06.90 |j Archive |j Archivkunde |q coli-conc RVK->BK |q https://coli-conc.gbv.de/api/mappings/df71f1fa-24d9-4637-ba56-bc9995f31f80 |0 (DE-627)106402633 |
| 951 | |a BO | ||
| ELC | |b 1 | ||
| ITA | |a 1 |t 1 | ||
| LOK | |0 000 xxxxxcx a22 zn 4500 | ||
| LOK | |0 001 202632641X | ||
| LOK | |0 003 DE-627 | ||
| LOK | |0 004 1073525554 | ||
| LOK | |0 005 20091113103517 | ||
| LOK | |0 008 971121||||||||||||||||ger||||||| | ||
| LOK | |0 040 |a DE-21 |c DE-627 |d DE-21 | ||
| LOK | |0 852 |a DE-21 | ||
| LOK | |0 852 1 |c 22 A 9690 |9 00 | ||
| LOK | |0 935 |a konv |a theo |a sepp | ||
| LOK | |0 939 |a 21-11-97 |b l01 | ||
| LOK | |0 000 xxxxxcx a22 zn 4500 | ||
| LOK | |0 001 256168430X | ||
| LOK | |0 003 DE-627 | ||
| LOK | |0 004 1073525554 | ||
| LOK | |0 005 20080125081625 | ||
| LOK | |0 008 080125||||||||||||||||ger||||||| | ||
| LOK | |0 040 |a DE-21-32b |c DE-627 |d DE-21-32b | ||
| LOK | |0 541 |e 34943 | ||
| LOK | |0 852 |a DE-21-32b | ||
| LOK | |0 852 1 |c Ga 299 |m p |9 00 | ||
| LOK | |0 935 |a k32b |a kneu | ||
| LOK | |0 938 |k p | ||
| LOK | |0 939 |a 25-01-08 |b l01 | ||
| ORI | |a SA-MARC-ixtheoa001.raw | ||
| REL | |a 1 | ||
| SUB | |a REL | ||
| SYG | 0 | 0 | |a Archivum Vaticanum,Archivum Secretum Apostolicum Vaticanum,Archivum Secretum Vaticanum,Vatican Secret Archives,Geheim Vaticaans Archief,Vaticaans Archief,Archivo Vaticano,Vatican Archives,Geheimarchiv des Vatikan,Archives Vaticanes,Archivi Apostolici Vaticani,ASV,Archivio Vaticano,Vatikanisches Archiv,Archivo Secreto Vaticano,Vatikanisches Geheimarchiv , Archivum Vaticanum,Archivum Secretum Apostolicum Vaticanum,Archivum Secretum Vaticanum,Vatican Secret Archives,Geheim Vaticaans Archief,Vaticaans Archief,Archivo Vaticano,Vatican Archives,Geheimarchiv des Vatikan,Archives Vaticanes,Archivi Apostolici Vaticani,ASV,Archivio Vaticano,Vatikanisches Archiv,Archivo Secreto Vaticano,Vatikanisches Geheimarchiv |
| TIM | |a 100005000101_100015001231 |b Geschichte 500-1500 | ||



